Liptov ... vlastivedný zborník

Bibliographic Details
Other Authors: Kufčák, Emil, 1928- (Compiler), Krupa, Martin (Compiler), Dzuriak, Karol (Compiler), Nemec, Miroslav (Compiler)
Format: Serial
Language:Slovak
PhysicalDescription:zv. 24-31 cm
Published: Martin Osveta 1970-
Ružomberok Liptovské múzeum
ISBN:8021701021 (10/1989)
9788097153519 (viaz. : 11/2014)
9788097153564 (viaz. : 12/[2018])
9788097434410 (viaz. : 13/2023)
Series:Vlastivedné zborníky
Subjects:

MARC

LEADER 00000cas a2200000 a 4500
001 vtls009494981
003 SK-MaSNL
005 20260228155942.0
008 190819c19709999xo x o 0 b0slo
015 |a SNBA1971/02-00396 (1/1970)  |a SNBA1979 (r. 1977)  |a SNBA1979 (r. 1979)  |a SNBA1981/12 (r. 1981)  |a SNBA1984/01 (r. 1983)  |a SNBA1986/06 (r. 1985)  |a SNBA1988/03 (r. 1987)  |a SNBA1990/02-(10/1989) 
015 |a SNB2018-(r. 2018)  |a SNB2024-(r. 2023) 
020 |a 8021701021 (10/1989) 
020 |a 9788097153519 (viaz. : 11/2014) 
020 |a 9788097153564 (viaz. : 12/[2018]) 
020 |a 9788097434410 (viaz. : 13/2023) 
040 |a SNMK  |b slo  |c SNMK  |d SAVUK  |d SNK  |e AACR2 
041 0 |a slo 
043 |a e-xo--- 
044 |a xo  |c SK 
072 7 |a 9  |x Geografia. Biografické štúdie. Dejiny  |2 konspekt 
072 7 |a 39  |x Etnológia. Etnografia. Folklór  |2 konspekt 
072 7 |a 069  |x Múzeá. Muzeológia. Múzejníctvo. Výstavy  |2 konspekt 
080 |a 908  |2 2011 
080 |a 39  |2 2011 
080 |a 5  |2 2011 
080 |a 069  |2 2001 
080 |a (082)  |2 2011 
080 |a (437.6)  |2 2011 
080 |a (036)  |2 2011 
245 0 0 |a Liptov  |b ... vlastivedný zborník 
260 |a Martin  |b Osveta  |c 1970- 
260 3 |3 2014-  |a Ružomberok  |b Liptovské múzeum 
300 |a zv.  |c 24-31 cm 
310 |a Nepravidelne 
362 0 |a 1 (1970)-10 (1989) ; 11 (2014)- 
490 1 |a Vlastivedné zborníky 
500 |a Zostavil: 1 (1970)-10 (1989), Emil Kufčák 
500 |a Zostavovatelia a redakcia: 11 (2014), 12 ([2018]), Martin Krupa, Karol Dzuriak; 13 (2023), Miroslav Nemec 
500 |a Súčasťou podnázvu je poradové číslo zborníka 
500 |a Od r. 2014 rozmer zv. 31 cm ; r. 2023 rozmer zv. 24 cm 
504 |a Poznámky 
515 |a Obnovené vydávanie po 25-ich rokoch 
550 |a Vydalo Liptovské múzeum v Ružomberku vo vydavateľstve Osveta, n. p., Martin 
650 0 7 |a vlastiveda  |2 SNKPH  |9 3887 
650 0 7 |a etnografia  |2 SNKPH  |9 950 
650 0 7 |a prírodné vedy  |2 SNKPH  |9 694 
650 0 7 |a History and geography  |2 SNKPHeng  |9 265657 
650 0 7 |a Ethnography  |2 SNKPHeng  |9 265262 
650 0 7 |a Natural sciences  |2 SNKPHeng  |9 265288 
650 0 7 |a Museums  |2 SNKPHeng  |9 265072 
650 0 7 |a múzeá  |2 SNKPH  |9 4119 
651 7 |a Liptov (Slovensko : región)  |2 SNKPHgeo  |9 151081 
651 7 |a Liptov (Slovakia : region)  |2 SNKPHeng  |9 169045 
655 7 |a zborníky  |2 SNKPH  |9 70165 
655 7 |a Papers of several authors  |2 SNKPHeng  |9 153738 
655 7 |a Information publications  |2 SNKPHeng  |9 265188 
655 7 |a informačné publikácie  |2 SNKPH  |9 70181 
700 1 |a Kufčák, Emil,  |d 1928-  |4 com  |9 220254 
700 1 |a Krupa, Martin  |4 com  |9 26433 
700 1 |a Dzuriak, Karol  |4 com  |9 265658 
700 1 |a Nemec, Miroslav  |4 com  |9 49148 
710 2 |a Liptovské múzeum  |4 pbl  |9 33044 
830 0 |a Vlastivedné zborníky  |9 265659 
910 |a snmk 
910 |a savuk 
910 |a snk 
916 |a 1970,1972,1975,1977,1979,1981,1983,1985,1987,1989,2018 
919 |a 80-217-0102-1 
919 |a 978-80-971535-1-9 
919 |a 978-80-971535-6-4 
919 |a 978-80-974344-1-0 
999 |c 986  |d 986 
952 |0 0  |1 0  |4 0  |7 0  |8 0  |a SNK  |b SNK  |d 1997-02-20  |f 1  |i snkKSP 2004/71  |l 0  |o snkČSB 2186/1/1970  |p 17A0039550  |r 2005-01-02 00:00:00  |w 2026-02-21  |y PREZ 
952 |0 0  |1 0  |4 0  |7 0  |8 0  |a SNK  |b SNK  |d 1998-03-11  |i snkKSP 2005/71  |l 0  |o snkČSB 2186/1/1970 D1  |p 17A0127709  |r 2005-01-02 00:00:00  |w 2026-02-21  |y PREZ 
952 |0 0  |1 0  |4 0  |7 0  |8 0  |a SNK  |b SNK  |d 1997-02-20  |f 1  |i snkKSP 1346/73  |l 0  |o snkČSB 2186/2/1972  |p 17A0039551  |r 2005-01-02 00:00:00  |w 2026-02-21  |y PREZ 
952 |0 0  |1 0  |4 0  |7 0  |a SNK  |b SNK  |d 1998-03-11  |l 0  |o snkČSB 2186/2/1972 D1  |p 17A0127745  |r 2005-01-02 00:00:00  |w 2026-02-21  |y PREZ 
952 |0 0  |1 0  |4 0  |7 0  |a SNK  |b SNK  |d 1997-09-16  |i snkKSP 448/90  |l 0  |o snkČSB 2186/10/1989 D1  |p 17A0093473  |r 2004-12-31 00:00:00  |w 2026-02-21  |y PREZ 
952 |0 0  |1 0  |4 0  |7 0  |8 0  |a SNK  |b SNK  |d 2024-02-15  |i snk2024/2574  |l 0  |o snkČSB 2186/13/[2023]  |p 17A1535616  |r 2026-02-21 19:50:55  |w 2026-02-21  |y PREZ 
952 |0 0  |1 0  |4 0  |7 0  |a SNK  |b SNK  |d 1997-02-07  |f 1  |i snkKSP 333/86  |l 0  |o snkČSB 2186/8/1985  |p 17A0035785  |r 2004-12-31 00:00:00  |w 2026-02-21  |y PREZ 
952 |0 0  |1 0  |4 0  |7 0  |a SNK  |b SNK  |d 1997-09-16  |l 0  |o snkČSB 2186/8/1985 D1  |p 17A0095189  |r 2004-12-31 00:00:00  |w 2026-02-21  |y PREZ 
952 |0 0  |1 0  |4 0  |7 0  |a SNK  |b SNK  |d 1997-09-16  |l 0  |o snkČSB 2186/6/1981 D1  |p 17A0095191  |r 2004-12-31 00:00:00  |w 2026-02-21  |y PREZ 
952 |0 0  |1 0  |4 0  |7 0  |a SNK  |b SNK  |d 1997-02-20  |f 1  |i snkKSP 3621/79  |l 0  |o snkČSB 2186/5/1979  |p 17A0039553  |r 2004-12-31 00:00:00  |w 2026-02-21  |y PREZ 
952 |0 0  |1 0  |4 0  |7 0  |a SNK  |b SNK  |d 1997-08-27  |l 0  |o snkČSB 2186/5/1979 D1  |p 17A0091481  |r 2004-12-31 00:00:00  |w 2026-02-21  |y PREZ 
952 |0 0  |1 0  |4 0  |7 0  |a SNK  |b SNK  |d 1997-02-20  |f 1  |i snkKSP 6399/77  |l 0  |o snkČSB 2186/4/1977  |p 17A0039552  |r 2004-12-31 00:00:00  |w 2026-02-21  |y PREZ 
952 |0 0  |1 0  |4 0  |7 0  |a SNK  |b SNK  |d 1997-09-16  |l 0  |o snkČSB 2186/4/1977 D1  |p 17A0095190  |r 2004-12-31 00:00:00  |w 2026-02-21  |y PREZ 
952 |0 0  |1 0  |4 0  |7 0  |a SNK  |b SNK  |d 1997-02-07  |f 1  |i snkKSP 10396/83  |l 0  |o snkČSB 2186/7/1983  |p 17A0035786  |r 2004-12-31 00:00:00  |w 2026-02-21  |y PREZ 
952 |0 0  |1 0  |4 0  |7 0  |a SNK  |b SNK  |d 1997-09-16  |i snkKSP 10397/83  |l 0  |o snkČSB 2186/7/1983 D1  |p 17A0095441  |r 2004-12-31 00:00:00  |w 2026-02-21  |y PREZ 
952 |0 0  |1 0  |4 0  |7 0  |a SNK  |b SNK  |d 1997-02-07  |f 1  |i snkKSP 163/88  |l 0  |o snkČSB 2186/9/1987  |p 17A0035784  |r 2004-12-31 00:00:00  |w 2026-02-21  |y PREZ 
952 |0 0  |1 0  |4 0  |7 0  |a SNK  |b SNK  |d 1997-09-16  |l 0  |o snkČSB 2186/9/1987 D1  |p 17A0095352  |r 2004-12-31 00:00:00  |w 2026-02-21  |y PREZ 
952 |0 0  |1 0  |4 0  |7 0  |a SNK  |b SNK  |d 2008-10-09  |f 1  |i snkKSP 10396/83  |l 0  |o snkČSB 2186/7/1983/príl.  |p 17A0597515  |r 2026-02-21 20:49:54  |t 2 mapy  |w 2026-02-21  |y PREZ  |z Komjatná 1981, Geologická mapa západnej časti Nízkych Tatier 
952 |0 0  |1 0  |4 0  |7 0  |a SNK  |b SNK  |d 1997-02-10  |f 1  |i snkKSP 956/76  |l 0  |o snkČSB 2186/3/1975  |p 17A0035783  |r 2005-01-02 00:00:00  |w 2026-02-21  |y PREZ 
952 |0 0  |1 0  |4 0  |7 0  |a SNK  |b SNK  |d 2008-11-20  |i snkKSP 957/76  |l 0  |o snkČSB 2186/3/1975 D1  |p 17A0603860  |r 2026-02-21 21:40:32  |w 2026-02-21  |y PREZ 
952 |0 0  |1 0  |4 0  |7 0  |a SNK  |b SNK  |d 1997-02-07  |f 1  |i snkKSP 10453/81  |l 0  |o snkČSB 2186/6/1981  |p 17A0035782  |r 2004-12-31 00:00:00  |w 2026-02-21  |y PREZ 
952 |0 0  |1 0  |4 0  |7 0  |a SNK  |b SNK  |d 1997-02-20  |f 1  |i snkKSP 447/90  |l 0  |o snkČSB 2186/10/1989  |p 17A0039554  |r 2004-12-31 00:00:00  |w 2026-02-21  |y PREZ 
952 |0 0  |1 0  |3 Príloha: schema 2 ks  |4 0  |7 0  |a SNK  |b SNK  |d 2017-08-09  |i snkKSP 10397/83  |l 0  |o snkČSB 2186/7/1983/príl. D1  |p 17A1151942  |r 2026-02-21 21:48:40  |w 2026-02-21  |y PREZ  |z Príloha: schema 2 ks 
952 |0 0  |1 0  |4 0  |7 0  |8 0  |a SNK  |b SNK  |d 2018-09-12  |f 1  |i snk2018/18536  |l 0  |o snkČSB 2186/12/[2018]  |p 17A1328341  |r 2026-02-21 22:27:07  |w 2026-02-21  |y PREZ 
952 |0 0  |1 0  |4 0  |7 0  |8 0  |a SNK  |b SNK  |d 2018-09-12  |i snk2018/18537  |l 0  |o snkČSB 2186/12/[2018] D1  |p 17A1328343  |r 2026-02-21 22:27:07  |w 2026-02-21  |y PREZ